<?xml version="1.0" encoding="UTF-8"?><?xml-stylesheet type="text/xsl" href="static/style.xsl"?><OAI-PMH xmlns="http://www.openarchives.org/OAI/2.0/" xmlns:xsi="http://www.w3.org/2001/XMLSchema-instance" xsi:schemaLocation="http://www.openarchives.org/OAI/2.0/ http://www.openarchives.org/OAI/2.0/OAI-PMH.xsd"><responseDate>2026-04-13T05:03:09Z</responseDate><request verb="GetRecord" identifier="oai:www.recercat.cat:2117/27133" metadataPrefix="marc">https://recercat.cat/oai/request</request><GetRecord><record><header><identifier>oai:recercat.cat:2117/27133</identifier><datestamp>2025-07-17T10:06:52Z</datestamp><setSpec>com_2072_1033</setSpec><setSpec>col_2072_452950</setSpec></header><metadata><record xmlns="http://www.loc.gov/MARC21/slim" xmlns:dcterms="http://purl.org/dc/terms/" xmlns:xsi="http://www.w3.org/2001/XMLSchema-instance" xmlns:doc="http://www.lyncode.com/xoai" xsi:schemaLocation="http://www.loc.gov/MARC21/slim http://www.loc.gov/standards/marcxml/schema/MARC21slim.xsd">
   <leader>00925njm 22002777a 4500</leader>
   <datafield ind2=" " ind1=" " tag="042">
      <subfield code="a">dc</subfield>
   </datafield>
   <datafield ind2=" " ind1=" " tag="720">
      <subfield code="a">Pérez Foguet, Agustí</subfield>
      <subfield code="e">author</subfield>
   </datafield>
   <datafield ind2=" " ind1=" " tag="720">
      <subfield code="a">Baena López, Vanessa</subfield>
      <subfield code="e">author</subfield>
   </datafield>
   <datafield ind2=" " ind1=" " tag="720">
      <subfield code="a">Huerta, Antonio</subfield>
      <subfield code="e">author</subfield>
   </datafield>
   <datafield ind2=" " ind1=" " tag="260">
      <subfield code="c">2004</subfield>
   </datafield>
   <datafield ind2=" " ind1=" " tag="520">
      <subfield code="a">En este trabajo se plantean y analizan las ecuaciones de transporte en medios continuos de doble porosidad, prestando especial atención a la modelización de los fenómenos de adsorción y desorción que típicamente tienen lugar en la escala intraparticular. Se destaca el caso particular de problemas isotermos e incompresibles, en los que las ecuaciones de gobierno se reducen a una ecuación de convección - difusión - reacción en la que el término reactivo está acoplado con las ecuaciones de transporte intraparticular. Se distinguen dos situaciones: el llamado problema de carga, en el que se transporta una mezcla de concentración mayor a la presente en medio inicialmente; y el problema de descarga, en el que se impone el paso de un fluido con concentraciones menores a las presentes inicialmente en el dominio de trabajo. A través del análisis adimensional se ha particularizado el modelo a diversos casos en los que varía la importancia relativa de los fenómenos físicos involucrados. El análisis pormenorizado del problema de carga muestra como la presencia de términos de reacción provoca la formación de choques (frentes verticales) en la solución. En este contexto se comprueba la influencia de la elección de la variable principal de trabajo en la verificación del principio general de balance de masa, mostrando como una incorrecta elección produce la no verificación del mismo, y, por tanto, una incorrecta modelización matemática del proceso. Se finaliza la presentación con algunos ejemplos en geometrías tridimensionales realistas.</subfield>
   </datafield>
   <datafield ind2=" " ind1=" " tag="520">
      <subfield code="a">Peer Reviewed</subfield>
   </datafield>
   <datafield ind2=" " ind1=" " tag="520">
      <subfield code="a">Postprint (published version)</subfield>
   </datafield>
   <datafield tag="653" ind2=" " ind1=" ">
      <subfield code="a">Àrees temàtiques de la UPC::Matemàtiques i estadística::Anàlisi numèrica::Modelització matemàtica</subfield>
   </datafield>
   <datafield tag="653" ind2=" " ind1=" ">
      <subfield code="a">Numerical analysis--Simulation methods</subfield>
   </datafield>
   <datafield tag="653" ind2=" " ind1=" ">
      <subfield code="a">filtros de carbón activo</subfield>
   </datafield>
   <datafield tag="653" ind2=" " ind1=" ">
      <subfield code="a">convección – difusión – reacción</subfield>
   </datafield>
   <datafield tag="653" ind2=" " ind1=" ">
      <subfield code="a">multiescala</subfield>
   </datafield>
   <datafield tag="653" ind2=" " ind1=" ">
      <subfield code="a">ondas de choque</subfield>
   </datafield>
   <datafield tag="653" ind2=" " ind1=" ">
      <subfield code="a">análisis adimensional</subfield>
   </datafield>
   <datafield tag="653" ind2=" " ind1=" ">
      <subfield code="a">simulación numérica</subfield>
   </datafield>
   <datafield tag="653" ind2=" " ind1=" ">
      <subfield code="a">Anàlisi numèrica</subfield>
   </datafield>
   <datafield tag="653" ind2=" " ind1=" ">
      <subfield code="a">65C Probabilistic methods, simulation and stochastic differential equations</subfield>
   </datafield>
   <datafield ind2="0" ind1="0" tag="245">
      <subfield code="a">Modelización matemática de procesos de transporte en medios de doble porosidad. Una aplicación práctica en  automoción</subfield>
   </datafield>
</record></metadata></record></GetRecord></OAI-PMH>